• 首页
  • 本馆介绍
  • 公告通知
  • 最新文献
  • 馆藏检索
  • 电子资源
  • 读者导购
  • 参考咨询
  • 我的图书馆
  • 登录
  • 详细信息显示
  • 放入我的书架
  • 预约/预借图书
  • 作者相关作品
  • 分类相关作品
  • 丛书相关作品
  • 出版社相关作品

书目信息

  • 表格格式
  • 工作单格式
  • 卡片格式
题名:
元史论集
    
 
作者: ;南京大学历史糸元史研究室 编
分册:  
出版信息: 北京   人民出版社  1984.11
页数: 770页
开本: 20cm
丛书名: 中国历史研究丛书
单 册:
中图分类: K247.07
科图分类:
主题词: 农民起义--元代
电子资源:
ISBN:
000 00634nam0 2200217 45
001 0312221749
005 20050419165819.8
010    @dCNY3.80
091    @a11001.726
100    @a20031222d1984 km y0chiy0120 ea
101    @achi
105    @a z 000yy
200 1  @a元史论集@AYuan Shi Lun Ji@f南京大学历史糸元史研究室编@FNan Jing Da XueLi Shi Mi Yuan Shi Yan Jiu Shi Bian
210    @a北京@c人民出版社@d1984.11
215    @a770页@d20cm
225 2  @a中国历史研究丛书
606 0  @a农民起义@z元代
690    @aK247.07@v3
711 02 @a南京大学历史糸元史研究室@4编
801    @aCN@bTSTCL@c20031222
905    @dK247.07@e12@b126679@f1
    
    元史论集/南京大学历史糸元史研究室编.-北京:人民出版社,1984.11
    770页;20cm.-(中国历史研究丛书)
    
    
    ISBN :CNY3.80
    
●
相关链接 在E读中查询图书 在五车中查询图书 在当当中查询图书 在豆瓣中查询图书


正题名:元史论集     索取号:K247.07/12         预约/预借

序号 登录号 条形码 馆藏地/架位号 状态 备注
1 0126676   001530436   密集书库/ [索取号:K247.07/12] 在馆    
2 0126677   001530472   密集书库/ [索取号:K247.07/12] 在馆    
3 0126678   001530267   密集书库/ [索取号:K247.07/12] 在馆    
4 0126679   001992213   第二借阅区/ [索取号:K247.07/12] 在馆    
5 0126680   001530392   密集书库/ [索取号:K247.07/12] 在馆    
6 0126681   000645840   第二借阅区/ [索取号:K247.07/12] 在馆    
7 0126682   000645877   第二借阅区/ [索取号:K247.07/12] 在馆    
8 0126683   000645886   第二借阅区/ [索取号:K247.07/12] 在馆    
9 0126684   000645868   第二借阅区/ [索取号:K247.07/12] 在馆    
10 0126685   000645859   第二样本阅览室/ [索取号:K247.07/12] 在馆    
唐山师范学院图书馆 欢迎您!
大连网信软件有限公司© 版权所有